000 00578cam a22002053a 4500
001 42798
003 PGUSA
005 20140828083953.0
008 130524s2013||||xxu|||||s|||||000 | eng d
040 _aPGUSA
_beng
042 _adc
100 1 _aKarr, Alphonse,
_d1809-1890
245 1 0 _aLes guêpes; séries 3 and 4
_h[electronic resource] /
_cAlphonse Karr
260 _bProject Gutenberg,
_c2013
506 _aPublic domain in the USA.
516 _aElectronic text
830 0 _aProject Gutenberg
_v42798
856 4 0 _uhttp://www.gutenberg.org/ebooks/42798
942 _cEB
999 _c272050
_d272050